Безжалостный Орфей: роман

Bibliographic Details
Main Author: Чиж А. Антон
Summary:Талант парикмахера — не только в том, чтобы умело завить женский локон, выщипать брови и пленительно подкрасить ресницы. Парикмахер - тончайший психолог, знаток женских душ, их тайных стремлений и темных сторон. Он, словно волшебник, может несколькими словами и взмахами ножниц излечить раненое самолюбие, но может и нанести смертельную рану... Новый ретродетектив Антона Чижа погружает нас в мир салонов красоты конца XIX века! Безжалостный следователь полиции Ванзаров, едва не погибнув, словно Орфей, возвращается из ада в мир живых, а железный стоик криминалист Аполлон Лебедев впервые по-настоящему влюбляется... Чудовищные обстоятельства грозят героям гибелью, но полицейские сердца не дрогнут перед опасностью, рискуя всем!
Language:Russian
Published: Москва, Эксмо, 2012
Series:Интересный детектив
Subjects:
Format: MixedMaterials Book
KOHA link:https://koha.lib.tpu.ru/cgi-bin/koha/opac-detail.pl?biblionumber=245257

MARC

LEADER 00000nam0a2200000 4500
001 245257
005 20231101232120.0
010 |a 9785699593712 
035 |a (RuTPU)RU\TPU\book\266663 
090 |a 245257 
100 |a 20131107d2012 m y0rusy50 ca 
101 0 |a rus 
102 |a RU 
105 |a y z 000ay 
200 1 |a Безжалостный Орфей  |e роман  |f А. Чиж 
210 |a Москва  |c Эксмо  |d 2012 
215 |a 380 с. 
225 1 |a Интересный детектив 
330 |a Талант парикмахера — не только в том, чтобы умело завить женский локон, выщипать брови и пленительно подкрасить ресницы. Парикмахер - тончайший психолог, знаток женских душ, их тайных стремлений и темных сторон. Он, словно волшебник, может несколькими словами и взмахами ножниц излечить раненое самолюбие, но может и нанести смертельную рану... Новый ретродетектив Антона Чижа погружает нас в мир салонов красоты конца XIX века! Безжалостный следователь полиции Ванзаров, едва не погибнув, словно Орфей, возвращается из ада в мир живых, а железный стоик криминалист Аполлон Лебедев впервые по-настоящему влюбляется... Чудовищные обстоятельства грозят героям гибелью, но полицейские сердца не дрогнут перед опасностью, рискуя всем! 
606 1 |a Русская литература современная  |2 stltpush  |3 (RuTPU)RU\TPU\subj\26373  |9 50316 
610 1 |a детективы 
610 1 |a 19 век 
610 1 |a романы 
675 |a Р2  |v 3 
700 1 |a Чиж  |b А.  |c писатель  |g Антон  |2 stltpush  |3 (RuTPU)RU\TPU\pers\38258 
801 1 |a RU  |b 63413507  |c 20131107 
801 2 |a RU  |b 63413507  |c 20170410  |g RCR 
942 |c BK